MARC details
| 000 -CABECERA |
| campo de control de longitud fija |
01080nam a2200277 a 4500 |
| 001 - NÚMERO DE CONTROL |
| campo de control |
000024767 |
| 005 - FECHA Y HORA DE LA ÚLTIMA TRANSACCIÓN |
| campo de control |
20260415212155.0 |
| 008 - DATOS DE LONGITUD FIJA--INFORMACIÓN GENERAL |
| campo de control de longitud fija |
110203s1985 sp r 000 0 spa d |
| 020 ## - NÚMERO INTERNACIONAL ESTÁNDAR DEL LIBRO |
| Número Internacional Estándar del Libro |
8434410478 |
| 040 ## - FUENTE DE LA CATALOGACIÓN |
| Centro catalogador/agencia de origen |
DO-SdBNP |
| Lengua de catalogación |
spa |
| Centro/agencia transcriptor |
BNPHU |
| 082 ## - NÚMERO DE LA CLASIFICACIÓN DECIMAL DEWEY |
| Número de clasificación |
331.11 |
| Número de documento/Ítem |
S387i |
| 049 ## - FONDOS LOCALES (OCLC) |
| Fondos de biblioteca |
BNGR |
| 100 1# - ENTRADA PRINCIPAL--NOMBRE DE PERSONA |
| Nombre de persona |
Schultz, Theodore W. |
| 9 (RLIN) |
50828 |
| 240 10 - TÍTULO UNIFORME |
| Título uniforme |
Investing in people the economics of population quality. |
| Lenguaje de la obra |
Español. |
| 245 10 - MENCIÓN DE TÍTULO |
| Título |
Invirtiendo en la gente : |
| Resto del título |
la cualificación personal como motor económico / |
| Mención de responsabilidad, etc. |
Theodore W. Schultz ; traducción de Marta I. Guastavino ; prólogo John M. Letiche. |
| 260 ## - PUBLICACIÓN, DISTRIBUCIÓN, ETC. |
| Lugar de publicación, distribución, etc. |
Barcelona, (España) : |
| Nombre del editor, distribuidor, etc. |
Editorial Ariel, |
| Fecha de publicación, distribución, etc. |
1985. |
| 490 1# - MENCIÓN DE SERIE |
| Mención de serie |
Ariel |
| Designación de volumen o secuencia |
47 |
| 534 ## - NOTA SOBRE LA VERSIÓN ORIGINAL |
| Encabezamiento principal del original |
Título original: |
| Mención de título del original |
Investing in people the economics of population quality |
| 650 #0 - PUNTO DE ACCESO ADICIONAL DE MATERIA--TÉRMINO DE MATERIA |
| Término de materia o nombre geográfico como elemento de entrada |
Capital humano |
| 9 (RLIN) |
50829 |
| 650 #4 - PUNTO DE ACCESO ADICIONAL DE MATERIA--TÉRMINO DE MATERIA |
| Término de materia o nombre geográfico como elemento de entrada |
Economía del trabajo |
| 9 (RLIN) |
49793 |
| 650 #0 - PUNTO DE ACCESO ADICIONAL DE MATERIA--TÉRMINO DE MATERIA |
| Término de materia o nombre geográfico como elemento de entrada |
Empleados |
| Subdivisión general |
Capacitación de |
| 9 (RLIN) |
27690 |
| 650 #0 - PUNTO DE ACCESO ADICIONAL DE MATERIA--TÉRMINO DE MATERIA |
| Término de materia o nombre geográfico como elemento de entrada |
Administración de personal |
| 9 (RLIN) |
1581 |
| 700 1# - PUNTO DE ACCESO ADICIONAL--NOMBRE DE PERSONA |
| Nombre de persona |
Guastavino, Marta I. |
| Término indicativo de función/relación |
tr. |
| 9 (RLIN) |
48449 |
| 700 1# - PUNTO DE ACCESO ADICIONAL--NOMBRE DE PERSONA |
| Nombre de persona |
Letiche, John M. |
| Término indicativo de función/relación |
pról. |
| 9 (RLIN) |
50830 |
| 830 #0 - PUNTO DE ACCESO ADICIONAL DE SERIE-TÍTULO UNIFORME |
| Título uniforme |
Ariel ; |
| Designación de volumen o secuencia |
47 |
| 9 (RLIN) |
33302 |